00667nam a2200205 i 4500001001100000003000500011005001700016008004100033040002500074082001400099100003000113245006900143264006000212300002300272336002100295337002500316338002300341500007400364650002300438C2-0223874PPAK20180728152608.0000308s1978 my |||| ||||| | may d aPPAKbengcPPAKerda04a959.52231 aLeong, Yee Fang, eauthor10aPermulaan kesedaran perburuhan China di Tanah Melayu (1920-1940) 1aBangi, Selangor : bPersatuan Sejarah Malaysia , c1978 a29 pages ; c28 cm 2rdacontentatext 2rdamediaaunmediated 2rdacarrieravolume aKertas-kertas kerja - Kongres Sejarah Malaysia (1978 Apr. 10-12: UKM)10aMalaysia - History